000 00512nam a2200169Ia 4500
008 090201s9999 xx 000 0 und d
010 _aKPL-34273
040 _bमराठी
041 _aमराठी
082 _a14509
_b34273
100 _aअनिल आठल्ये
245 _aप्रतिक्षा
_cअनिल आठल्ये
260 _c2004
_bशकुन प्रकाशन
300 _a206
_bमोठा
600 _aप्रतिक्षा
942 _cBOOK
999 _c214680
_d214680